LEADER 00921nam0-22003491i-450- 001 990001487490403321 005 20090723122908.0 010 $a0-201-82470-1 035 $a000148749 035 $aFED01000148749 035 $a(Aleph)000148749FED01 035 $a000148749 100 $a20011115d1998----km-y0itay50------ba 101 0 $aeng 102 $aUS 105 $aa---a---001yy 200 1 $aC++ Primer$fStanley B. Lippman, Josée Lajoie 205 $a3rd ed. 210 $aReading [Mass.]$cAddison-Wesley$dc1998 215 $axxii, 1236 p.$d23 cm 610 0 $aLinguaggi di programmazione 610 0 $aC++ 676 $a005.133 700 1$aLippman,$bStanley B.$061503 701 1$aLajoie,$bJosée$0352303 801 0$aIT$bUNINA$gRICA$2UNIMARC 901 $aBK 912 $a990001487490403321 952 $a005.133-LIP-1$b1146$fSC1 959 $aSC1 996 $aC++ primer$926562 997 $aUNINA LEADER 02695nam 2200661 a 450 001 9910797115903321 005 20140808111256.0 010 $a1-4963-0971-5 035 $a(CKB)3710000000431786 035 $a(SSID)ssj0001529854 035 $a(PQKBManifestationID)12519287 035 $a(PQKBTitleCode)TC0001529854 035 $a(PQKBWorkID)11523857 035 $a(PQKB)10370695 035 $a(MiAaPQ)EBC4625569 035 $a(Au-PeEL)EBL4625569 035 $a(CaPaEBR)ebr11291960 035 $a(OCoLC)962155922 035 $a(UtOrBLW)bslw09258272 035 $a(UtOrBLW)9781451173338 035 $a(EXLCZ)993710000000431786 100 $a20140808d2014 uy 0 101 0 $aeng 135 $aurcnu|||||||| 181 $ctxt 182 $cc 183 $acr 200 00$aUltrasound-guided regional anesthesia and pain medicine$b[electronic resource] /$fedited by Paul E. Bigeleisen ; authors, Steven L. Orebaugh, Jacques E. Chelly 205 $a2nd ed. 210 $aBaltimore, Md. $cWolters Kluwer Health/Lippincott Williams & Wilkins$d2014 215 $a1 online resource (736 pages) $ccolor illustrations 300 $aBibliographic Level Mode of Issuance: Monograph 311 $a1-4511-7333-4 320 $aIncludes bibliographical references and index. 327 $asection 1. Fundamentals -- section 2. Upper extremity -- section 3. Lower extremity -- section 4. Truncal blocks -- section 5. Pediatric regional anesthesia -- section 6. Pain blocks. 330 $a"This new edition has 40 new chapters. This edition includes chapters on the rapid expansion of ultrasound into the diagnosis and performance of procedures for chronic pain conditions. In addition, the diagnosis and treatment of many other medical conditions with ultrasound guidance has found its way into the practice of anesthesiologists"--Provided by publisher. 606 $aNerve block$vAtlases 606 $aConduction anesthesia$vAtlases 606 $aUltrasonic imaging$vAtlases 606 $aAnesthesia, Conduction$xmethods 606 $aPain$xtherapy 606 $aUltrasonography$xmethods 608 $aAtlases 615 0$aNerve block 615 0$aConduction anesthesia 615 0$aUltrasonic imaging 615 12$aAnesthesia, Conduction$xmethods 615 22$aPain$xtherapy 615 22$aUltrasonography$xmethods 676 $a617.964 701 $aBigeleisen$b Paul E$01534200 701 $aOrebaugh$b Steven L$01534201 701 $aChelly$b Jacques E$01534202 801 0$bUtOrBLW 906 $aBOOK 912 $a9910797115903321 996 $aUltrasound-guided regional anesthesia and pain medicine$93781551 997 $aUNINA LEADER 00784nam0-22002891i-450 001 990005889070403321 005 20240712104554.0 010 $a0-333-54595-8 035 $a000588907 035 $aFED01000588907 035 $a(Aleph)000588907FED01 035 $a000588907 100 $a20000301d1993----km-y0itay50------ba 101 0 $aENG 105 $ay-------001yy 200 1 $aEMILY Brontë$ewuthering heights$fedited by Patsy Stoneman. 210 $d1993$aLondon$cMacMillan press 215 $aIX, 222 p.$d22 cm 225 1 $aNew casebooks 702 1$aStoneman,$bPatsy 801 0$aIT$bUNINA$gRICA$2UNIMARC 901 $aBK 912 $a990005889070403321 952 $aP.3 BR.C.0057$bBibl.32295$fFLFBC 959 $aFLFBC 996 $aEMILY Bronte$9557064 997 $aUNINA